Handbook on trade and the environment

Bibliographic Details
Main Author: Gallagher, Kevin , 1968- (Author)
Format: Book
Language:English
Published: Cheltenham, UK ;Northampton, MA : Edward Elgar , c2008
Series:Elgar original reference
Subjects:

MARC

LEADER 00000cam a2200000 7i4500
001 0000064458
005 20091115093000.0
008 090623s2008 enk eng
020 |a 1847204546 
020 |a 9781847204547 
090 0 0 |a HF1008   |b .H375 2008 
245 0 0 |a Handbook on trade and the environment   |c edited by Kevin P. Gallagher 
260 |a Cheltenham, UK ;Northampton, MA :   |b Edward Elgar ,   |c c2008 
300 |a xxi, 346 p. :   |b ill. ;   |c 26 cm. 
440 0 |a Elgar original reference 
500 |a Includes index 
505 0 |a 1. Trade and environmental quality -- 2. Trade and environmental politics -- 3. Trade and environmental policy 
650 0 |a Commerce   |x Environmental aspects 
650 0 |a Commercial policy   |x Environmental aspects 
650 0 |a Environmental policy   |x Economic aspects 
650 0 |a Environmental policy   |x Political aspects 
650 0 |a International trade   |x Environmental aspects 
700 1 |a Gallagher, Kevin ,   |d 1968- ,   |e author 
999 |a 1000128856   |b Book   |c Reference   |e Medical Campus